000 00274nam a22001337a 4500
003 SGT
082 _a340,ROX
100 _aROXER,DE. C
245 _aTO SERVE AND PROTECT
260 _aICRC
_bICRC
_c1998
300 _a455
650 _aTO SERVE AND PROTECT
942 _2ddc
_cBK
999 _c11033
_d11033